লোডিং...

Importance of being fuzzy: and other insights from the border between maths and computers .

গ্রন্থ-পঞ্জীর বিবরন
প্রধান লেখক: Sangalli. Arturo
বিন্যাস: Printed Book
ভাষা:English
প্রকাশিত: Princeton: Princeton University Press, 1998.
বিষয়গুলি:
LEADER 00617nam a22001697a 4500
003 OSt
008 100928t xxu||||| |||| 00| 0 eng d
080 |a 510.22  |b SAN 
100 |a Sangalli. Arturo  |9 7796 
245 |a Importance of being fuzzy:  |b and other insights from the border between maths and computers .  |c Aarturo Sangalli 
260 |a Princeton:  |b Princeton University Press,  |c 1998. 
300 |a xvi, 173p. 
653 |a Soft computing. 
653 |a Fuzzy systems. 
942 |c BK  |6 _ 
999 |c 220679  |d 220679 
952 |0 0  |1 0  |4 0  |6 51022_SAN  |7 0  |9 285496  |a MAT  |b MAT  |d 2010-09-28  |o 510.22 SAN  |p MAT06661  |r 2016-04-05  |t 1  |w 2010-09-28  |y BK